000 00313 a2200133 4500
000 nam a22 7a 4500
100 _aManish Tiwari
110 _aManish Tiwari
245 _aChina-India Military Confrontation
250 _alatest edition
260 _beditor
_c2024
264 _beditor
_c2024
942 _cBK
999 _c395559
_d395559